Countries That Were Axis in WWII - Sudden Death - Statistics

General Stats
  • This quiz has been taken 105 times
  • The average score is 4 of 8
Answers on the Grid
Answers color-coded by a green-red scale on the quiz's grid according to % correct below.
Austria
Bulgaria
China
Ethiopia
Finland
Germany
Hungary
Iran
Iraq
Italy
Japan
Mexico
Romania
Switzerland
Thailand
Turkey
 
Answer Stats
Answer % Correct
Germany
81%
Italy
78%
Japan
70%
Bulgaria
60%
Hungary
43%
Romania
37%
Thailand
25%
Iraq
16%
No matching quizzes found
Score Distribution
Percent of People with Each Score
Percentile by Number Answered
Your Score History
You have not taken this quiz